[Event "Dhaka IRT U2000"]
[Site "Dhaka"]
[Date "2018.02.21"]
[Round "8"]
[White "Jahangir, Hossain Nasha"]
[Black "Ariful, Amin"]
[Result "0-1"]
[WhiteElo "1681"]
[BlackElo "1870"]
[PlyCount "45"]
[EventDate "2018.02.14"]
[EventType "swiss"]
[EventRounds "9"]
[EventCountry "BAN"]
[SourceTitle "EXT 2024"]
[Source "ChessBase"]
[SourceDate "2023.10.10"]
[SourceVersion "1"]
[SourceVersionDate "2023.10.10"]
[SourceQuality "1"]

1. d4 Nf6 2. f4 d5 3. Nf3 Ne4 4. g3 Bg4 5. Bg2 e6 6. Ne5 Bf5 7. 0-0 h5 8. Nf3 Be7 9. Nbd2 Nd7 10. Nxe4 Bxe4 11. h4 f5 12. Be3 c6 13. Qd2 Bf6 14. Bf2 0-0 15. Be1 Qb6 16. c3 c5 17. e3 cxd4 18. exd4 Rac8 19. Kh1 Qd8 20. Kg1 b5 21. a3 a6 22. Bh3 Qc7 23. Ne5 0-1

[Event "Dhaka op"]
[Site "Dhaka"]
[Date "2016.06.24"]
[Round "1"]
[White "Saiful Islam, Chowdhury"]
[Black "Jahangir, Hossain Nasha"]
[Result "1-0"]
[WhiteElo "2161"]
[BlackElo "1730"]
[PlyCount "65"]
[EventDate "2016.06.24"]
[EventType "swiss"]
[EventRounds "9"]
[EventCountry "BAN"]
[SourceTitle "EXT 2017"]
[Source "ChessBase"]
[SourceDate "2016.10.25"]
[SourceVersion "1"]
[SourceVersionDate "2016.10.25"]
[SourceQuality "1"]

1. e4 e6 2. d4 Nf6 3. Nc3 Bb4 4. Bd3 b6 5. Nf3 Bb7 6. Qe2 d5 7. Bg5 Bxc3+ 8. bxc3 dxe4 9. Bxf6 exf3 10. Bxd8 fxe2 11. Bxc7 0-0 12. f3 Rc8 13. Bxb8 Raxb8 14. Kd2 Rc7 15. a4 Rbc8 16. Ra3 Kf8 17. Rb1 h5 18. Bxe2 h4 19. h3 g5 20. a5 bxa5 21. Rxa5 Bd5 22. Ba6 Rd8 23. Rb4 f6 24. c4 Bxf3 25. gxf3 Rxd4+ 26. Ke3 Rd8 27. Rb7 Rdd7 28. Rxc7 Rxc7 29. c5 f5 30. Kd4 Ke7 31. Ke5 g4 32. fxg4 fxg4 33. Bf1 1-0

[Event "BAN-chB 41st"]
[Site "Dhaka"]
[Date "2015.10.19"]
[Round "5"]
[White "Jahangir, Hossain Nasha"]
[Black "Subrota, Biswas"]
[Result "0-1"]
[WhiteElo "1711"]
[BlackElo "2038"]
[PlyCount "57"]
[EventDate "2015.10.15"]
[EventType "swiss"]
[EventRounds "11"]
[EventCountry "BAN"]
[SourceTitle "CBM 169 Extra"]
[Source "ChessBase"]
[SourceDate "2015.12.18"]
[SourceVersion "1"]
[SourceVersionDate "2015.12.18"]
[SourceQuality "1"]

1. d4 d5 2. f4 Nf6 3. Nf3 Bf5 4. g3 e6 5. Bg2 c5 6. c3 Nc6 7. e3 h6 8. 0-0 Be7 9. Nbd2 0-0 10. Ne5 Nd7 11. Nxc6 bxc6 12. Nb3 c4 13. Nd2 Bd3 14. Re1 f5 15. b3 Qa5 16. b4 Qc7 17. Bf1 Bxf1 18. Rxf1 a5 19. a3 axb4 20. cxb4 Bxb4 21. Qc2 Nf6 22. Nf3 Ne4 23. Ra2 Bd6 24. Bd2 Rxa3 25. Rxa3 Bxa3 26. Qa4 Bd6 27. Ra1 Rb8 28. Ba5 Rb7 29. Be1 0-1

[Event "BAN-chB 41st"]
[Site "Dhaka"]
[Date "2015.10.16"]
[Round "2"]
[White "Kabir, Mohammad Sherajul"]
[Black "Jahangir, Hossain Nasha"]
[Result "1-0"]
[WhiteElo "2042"]
[BlackElo "1711"]
[PlyCount "49"]
[EventDate "2015.10.15"]
[EventType "swiss"]
[EventRounds "11"]
[EventCountry "BAN"]
[SourceTitle "CBM 169 Extra"]
[Source "ChessBase"]
[SourceDate "2015.12.18"]
[SourceVersion "1"]
[SourceVersionDate "2015.12.18"]
[SourceQuality "1"]

1. d4 f5 2. Nf3 Nf6 3. c4 g6 4. Nc3 Bg7 5. g3 c6 6. Bg2 d6 7. 0-0 0-0 8. Qc2 Be6 9. b3 d5 10. Ng5 Bf7 11. Nxf7 Rxf7 12. Rd1 e6 13. f3 Nbd7 14. Be3 Re7 15. Bf2 h5 16. Rab1 Qc7 17. Rbc1 Rc8 18. Qd3 Qb8 19. e4 Nf8 20. cxd5 fxe4 21. fxe4 exd5 22. exd5 cxd5 23. Nxd5 Rd7 24. Nxf6+ Bxf6 25. d5 1-0